| 000 | 02070cam a22004214a 4500 | ||
|---|---|---|---|
| 001 | 14705439 | ||
| 005 | 20250516162629.0 | ||
| 008 | 070122s2007 ctu b 001 0 eng | ||
| 010 | _a 2007002684 | ||
| 020 | _a9780300115468 (alk. paper) | ||
| 020 | _a0300115466 (alk. paper) | ||
| 035 | _a(OCoLC)ocm80180903 | ||
| 035 | _a(OCoLC)80180903 | ||
| 037 | _cTB | ||
| 040 |
_aBL _cBL _dBL |
||
| 041 | 1 |
_aeng _hfre |
|
| 050 | 0 | 0 |
_aB819 _b.S32 2007 |
| 084 |
_aR3xN05:g P7 _qBL |
||
| 100 | 1 |
_aSartre, Jean-Paul, _d1905-1980. _9799749 |
|
| 240 | 1 | 0 |
_aExistentialisme est un humanisme. _lEnglish |
| 245 | 1 | 0 |
_aExistentialism is a humanism = _b(L'Existentialisme est un humanisme) ; including, a commentary on The stranger (Explication de L'Étranger) / |
| 260 |
_aNew Haven, USA : _bYale University Press, _cc2007. |
||
| 300 |
_axiv, 108 p. ; _c20 cm. |
||
| 365 |
_b608.74 _cINR |
||
| 504 | _aIncludes bibliographical references (p. 99-102) and index. | ||
| 600 | 1 | 0 |
_aCamus, Albert, _d1913-1960. _tÉtranger. _9799750 |
| 650 | 0 |
_aExistentialism. _9799752 |
|
| 700 | 1 |
_aKulka, John. _eeditor _9799753 |
|
| 700 | 1 |
_aElkaïm-Sartre, Arlette. _9799754 |
|
| 700 | 1 | 2 |
_aSartre, Jean-Paul, _d1905-1980. _tExplication de L'étranger. _lEnglish. _9799756 |
| 856 | 4 | 1 |
_3Table of contents only _uhttp://www.loc.gov/catdir/toc/ecip079/2007002684.html |
| 856 | 4 | 2 |
_3Contributor biographical information _uhttp://www.loc.gov/catdir/enhancements/fy0733/2007002684-b.html |
| 856 | 4 | 2 |
_3Publisher description _uhttp://www.loc.gov/catdir/enhancements/fy0733/2007002684-d.html |
| 906 |
_a7 _bcbc _corignew _d1 _eecip _f20 _gy-gencatlg |
||
| 942 |
_2CC _cTB _hR3xN05:g P7 _n0 |
||
| 999 |
_c1418470 _d1418470 |
||